Datum a čas kvízu

38.5 Celkem bodů Celkový počet nahraných bodů na tomto kvízu bez doplňovacích otázek.
1. Pořadí na kvízu Konečné umístění týmu na tomto kvízu.

Zaznamenané odpovědi

# Otázka Odpověď Body Výsledky
1. Od minulého týdne až do 15. ří... rod Přemyslovců 0
2. Předčasné volby v Bulharsku vy... prezident 1
3. V pondělí jsme se dozvěděli, ž... Charlotte Gottová 1
4. Nizozemská firma Organoid Comp... C) Tyrannosaura rexe 1
5. Ve středu bylo zahájeno mistro... Bratislava; Trenčín 1
6. Vědci v minulosti několikrát t... D) kofein 1
7. Světová zdravotnická organizac... o Gruzii 1
8. V červenci 2025 Senát schválil... 3 (2 a 4 za půl bodu) 1
9. Na které z fotografií se nachá... A) 0
10. Velení wehrmachtu si před začá... pervitin 1